[Event "Dutch Open 2014"]
[Site "Dieren NED"]
[Date "2014.07.24"]
[Round "3.13"]
[White "Chalmeta Ugas, Ramon"]
[Black "Van Osch, Mees"]
[Result "1/2-1/2"]
[WhiteTitle "FM"]
[WhiteElo "2292"]
[BlackElo "2200"]
[WhiteFideId "2256339"]
[BlackFideId "1035967"]
[EventDate "2014.07.22"]

1. e4 c5 2. Nf3 d6 3. Bb5+ Nd7 4. O-O Nf6 5. Re1 a6 6. Bf1 b6 7. c4 g6 8. d4
cxd4 9. Nxd4 Bb7 10. Nc3 Bg7 11. f3 O-O 12. Be3 Rc8 13. Rc1 Qc7 14. Qd2 Qb8 15.
Bh6 Qc7 16. Nd5 Qd8 17. Kh1 Nxd5 18. Bxg7 Kxg7 19. exd5 Nf6 20. Qg5 Rc7 21. Rc3
Qc8 22. Rce3 h6 23. Qg3 Re8 24. Bd3 Kh7 25. Ne6 Rxc4 26. Bxc4 Qxc4 27. b3 Qc2
28. R3e2 Qc3 29. Nf4 Nxd5 30. Nxd5 Bxd5 31. Rxe7 Rxe7 32. Rxe7 Qa1+ 33. Re1 Qxa2
34. Qxd6 Qxb3 35. h3 Be6 36. Kh2 a5 37. Re4 b5 38. Qb6 a4 39. Re5 b4 40. Rb5 a3
41. Rxb4 Qc3 42. Qd4 Qc7+ 43. Kg1 Qc1+ 44. Kh2 Qc7+ 45. Kg1 1/2-1/2

[Event "Dutch Open 2014"]
[Site "Dieren NED"]
[Date "2014.07.24"]
[Round "3.14"]
[White "Losekoot, Pascal"]
[Black "Struik, Tjapko"]
[Result "1-0"]
[WhiteElo "2114"]
[BlackElo "2292"]
[WhiteFideId "1012410"]
[BlackFideId "1011243"]
[EventDate "2014.07.22"]

1. e4 c5 2. Nf3 e6 3. d4 cxd4 4. Nxd4 Nf6 5. Nc3 d6 6. Be2 Be7 7. Be3 O-O 8. O-O
a6 9. f4 Qc7 10. a4 Nc6 11. Kh1 Re8 12. a5 Nxa5 13. e5 dxe5 14. fxe5 Qxe5 15.
Bf4 Qc5 16. Na4 Qa7 17. Bc7 b5 18. Bxa5 bxa4 19. Bf3 Nd5 20. Bxd5 exd5 21. Rxf7
Kxf7 22. Qh5+ Kg8 23. Qxe8+ Bf8 24. Rf1 Bf5 25. Qe5 Be4 26. Qe6+ Kh8 27. Nc6 Qc5
28. Ne5 h6 29. Bc3 Kh7 30. Nd7 Qe7 31. Qxe7 Bxe7 32. Rf7 Bf8 33. Rxf8 Rxf8 34.
Nxf8+ Kg8 35. Ne6 Bxc2 36. Nxg7 Kf7 37. Kg1 Ke7 38. Kf2 Kd6 39. Bd4 Kc6 40. Be3
Kb5 41. Bxh6 Kc4 42. Ne6 Bf5 43. Nc7 d4 44. Nxa6 Bc8 45. Nc7 Kb3 46. Nb5 d3 47.
Ke1 Kxb2 48. Kd2 Kb3 49. Bg7 a3 50. h3 a2 51. g4 Bd7 52. Nd6 Kb4 53. Kxd3 Kc5
54. Ne4+ Kc6 55. Bb2 Bc8 56. Kd4 Kd7 57. Ke5 Ke7 58. Kf4 Kf8 59. h4 Kg8 60. h5
Ba6 61. g5 Be2 62. Ng3 Bd1 63. g6 Bc2 64. Kg5 1-0

[Event "Dutch Open 2014"]
[Site "Dieren NED"]
[Date "2014.07.24"]
[Round "3.15"]
[White "Evengroen, Henk-Jan"]
[Black "Zwirs, Nico"]
[Result "0-1"]
[WhiteElo "2095"]
[BlackElo "2284"]
[WhiteFideId "1019252"]
[BlackFideId "1036432"]
[EventDate "2014.07.22"]

1. d4 e6 2. c4 b6 3. Nc3 Bb7 4. Nf3 f5 5. e3 Nf6 6. Be2 Bb4 7. Qb3 Bxc3+ 8. Qxc3
O-O 9. b4 a5 10. b5 d6 11. O-O Ne4 12. Qb3 Rf6 13. Nd2 Rh6 14. Nxe4 Qh4 15. h3
fxe4 16. c5 Bd5 17. Bc4 Bxc4 18. Qxc4 bxc5 19. dxc5 Nd7 20. Bb2 d5 21. Qc2 Rg6
22. Kh1 Rf8 23. Kh2 Rf3 24. g3 Rgxg3 25. fxg3 Qxg3+ 26. Kh1 Qxh3+ 27. Qh2 Rxf1+
28. Rxf1 Qxf1+ 29. Qg1 Qxg1+ 30. Kxg1 Nxc5 31. Be5 Kf7 32. Bxc7 Nb7 33. Kg2 g5
34. Kg3 Kg6 0-1

[Event "Dutch Open 2014"]
[Site "Dieren NED"]
[Date "2014.07.24"]
[Round "3.16"]
[White "Beerdsen, Thomas"]
[Black "Sparenberg, Erik"]
[Result "1-0"]
[WhiteElo "2260"]
[BlackElo "2119"]
[WhiteFideId "1030108"]
[BlackFideId "1013262"]
[EventDate "2014.07.22"]

1. e4 e5 2. Bc4 Nf6 3. d3 c6 4. Nf3 Be7 5. Nc3 d6 6. h3 O-O 7. O-O Nbd7 8. a4
Nc5 9. Be3 d5 10. exd5 cxd5 11. Bxc5 Bxc5 12. Ba2 d4 13. Ne2 Bd6 14. Ng3 Bd7 15.
Re1 Qc7 16. Ng5 Rac8 17. Nh5 Be7 18. Bc4 h6 19. Nxf6+ Bxf6 20. Ne4 Be7 21. Qh5
Rce8 22. Ng3 Bd6 23. Re4 Bc8 24. Nf5 Bxf5 25. Qxf5 Qc8 26. Qh5 Qd7 27. Bb5 Qc8
28. Bxe8 Rxe8 29. Re2 Re6 30. Qg4 Qd8 31. Rae1 Rg6 32. Qe4 Qd7 33. c3 Kh7 34.
cxd4 exd4 35. Kh1 Bb8 36. Rc2 f5 37. Qf3 Qxa4 38. Rc8 Qa5 39. Rg1 Qe5 40. g3 Bd6
41. Qxb7 Qe2 42. Qd5 Rf6 43. Qxd4 Qf3+ 44. Rg2 Re6 45. Kh2 f4 46. Rc2 Qd1 47.
Qd5 Re5 48. Qxd6 Re1 49. gxf4 Rh1+ 50. Kg3 Qxc2 51. Kh4 Qxb2 52. f5 Rb1 53. d4
Qb6 54. Qg6+ Kh8 55. Rg4 a5 56. Qxg7# 1-0

[Event "Dutch Open 2014"]
[Site "Dieren NED"]
[Date "2014.07.24"]
[Round "3.17"]
[White "Offringa, Joost"]
[Black "Lecomte, Robin"]
[Result "1/2-1/2"]
[WhiteElo "2241"]
[BlackElo "2056"]
[WhiteFideId "1025880"]
[BlackFideId "1037170"]
[EventDate "2014.07.22"]

1. c4 e6 2. g3 Nf6 3. Bg2 d5 4. Nf3 c6 5. O-O dxc4 6. a4 Nbd7 7. Qc2 e5 8. Rd1
Bd6 9. Na3 Bxa3 10. Rxa3 O-O 11. Qxc4 Re8 12. e4 Qc7 13. d4 exd4 14. Bf4 Qa5 15.
Ng5 Ne5 16. Bxe5 Qxe5 17. Nxf7 Qe6 18. Qxe6 Rxe6 19. Ng5 Re8 20. Rxd4 h6 21. Nh3
Bxh3 22. Bxh3 Rxe4 23. Rad3 Rae8 24. Rxe4 Rxe4 25. Rd8+ 1/2-1/2

[Event "Dutch Open 2014"]
[Site "Dieren NED"]
[Date "2014.07.24"]
[Round "3.18"]
[White "Kazarian, Anna-Maja"]
[Black "Wilgenhof, Otto"]
[Result "1-0"]
[WhiteTitle "WFM"]
[WhiteElo "2025"]
[BlackElo "2217"]
[WhiteFideId "1033689"]
[BlackFideId "1002589"]
[EventDate "2014.07.22"]

1. e4 e6 2. d4 d5 3. exd5 exd5 4. c4 Nf6 5. Nc3 Be7 6. Bd3 O-O 7. Nge2 dxc4 8.
Bxc4 Bf5 9. O-O Nbd7 10. Ng3 Bg6 11. h4 Nb6 12. Bb3 h6 13. h5 Bh7 14. Bf4 Qd7
15. Be5 c6 16. Bc2 Bxc2 17. Qxc2 Ng4 18. Qf5 Rad8 19. Rfe1 Nc4 20. Bxg7 Kxg7 21.
Qe4 Bg5 22. Nf5+ Kf6 23. Qxg4 Nd6 24. Ne3 Qxg4 25. Nxg4+ Kg7 26. Rad1 Nc4 27.
Re2 Rfe8 28. b3 Rxe2 29. Nxe2 Nb2 30. Rb1 Nd3 31. g3 f5 32. Ne5 Nxe5 33. dxe5
Rd2 34. Nc3 Rc2 35. Na4 Bc1 36. b4 b6 37. Kf1 Ba3 38. Rb3 Rxa2 39. Nc3 Ra1+ 40.
Ke2 c5 41. bxc5 Bxc5 42. f4 a5 43. Nb5 Ra2+ 44. Kd3 a4 45. Rb1 Rg2 46. Kc4 Rxg3
47. Nd6 Rf3 48. Nxf5+ Kf8 49. Kd5 a3 50. Rd1 Rxf4 51. Ke6 Kg8 52. Rd8+ Bf8 53.
Ne7+ Kh7 54. Ra8 Rf3 55. Nf5 Rxf5 56. Kxf5 Bb4 57. Kf6 Ba5 58. Ra7+ Kg8 59. Rg7+
Kf8 60. Rg2 b5 61. Rc2 Bd8+ 62. Ke6 Bb6 63. Kd5 Ke7 64. e6 Be3 65. Rc7+ Kd8 66.
e7+ 1-0

[Event "Dutch Open 2014"]
[Site "Dieren NED"]
[Date "2014.07.24"]
[Round "3.19"]
[White "Bollen, Guus"]
[Black "Maatman, Nick"]
[Result "1/2-1/2"]
[WhiteElo "2011"]
[BlackElo "2211"]
[WhiteFideId "1027883"]
[BlackFideId "1040391"]
[EventDate "2014.07.22"]

1. e4 c5 2. Nc3 d6 3. g3 e5 4. Bc4 Nc6 5. Nd5 Nf6 6. d3 Nxd5 7. Bxd5 Be7 8. Be3
h5 9. h4 Bg4 10. f3 Be6 11. Bxe6 fxe6 12. Nh3 Qb6 13. Qb1 Kd7 14. O-O Raf8 15.
Kg2 a5 16. c3 Qa6 17. Qc2 d5 18. Rad1 d4 19. Bc1 Bd6 20. Ng5 Be7 21. Nh3 Bd6 22.
Ng5 a4 23. Rf2 Be7 24. Nh3 Bd6 25. Ng5 Be7 26. Nh3 Bd6 1/2-1/2

[Event "Dutch Open 2014"]
[Site "Dieren NED"]
[Date "2014.07.24"]
[Round "3.20"]
[White "Vogel, Jaap"]
[Black "Schoppen, Casper"]
[Result "1-0"]
[WhiteTitle "FM"]
[WhiteElo "2209"]
[BlackElo "1938"]
[WhiteFideId "1000764"]
[BlackFideId "1046730"]
[EventDate "2014.07.22"]

1. Nf3 Nf6 2. d4 g6 3. g3 Bg7 4. Bg2 O-O 5. O-O d6 6. c4 Nc6 7. Nc3 a6 8. Bf4
Rb8 9. Rc1 Nh5 10. Be3 Bd7 11. Qd2 Re8 12. Rfd1 Nf6 13. Bh6 b5 14. Bxg7 Kxg7 15.
Nd5 b4 16. Nxf6 exf6 17. h3 f5 18. c5 Qe7 19. e3 d5 20. Ne1 Be6 21. Nd3 a5 22.
Nf4 Qd7 23. h4 Ne7 24. Nd3 Nc6 25. a3 bxa3 26. bxa3 Rb3 27. Rc3 Reb8 28. Rdc1 a4
29. Bf3 Rxc3 30. Rxc3 Rb1+ 31. Rc1 Rb3 32. Bd1 Rxa3 33. Nf4 Na7 34. Qb2 Nb5 35.
c6 Qd6 36. Qxb5 Ra2 37. Qc5 Qxc5 38. dxc5 a3 39. Kg2 Rd2 40. Bb3 Rb2 41. Bxd5 a2
42. Ra1 Kf6 43. Nxe6 fxe6 44. Rxa2 Rb5 45. Bf3 Rxc5 46. Ra7 1-0

[Event "Dutch Open 2014"]
[Site "Dieren NED"]
[Date "2014.07.24"]
[Round "3.21"]
[White "Tromp, Pieter"]
[Black "Beukema, Stefan"]
[Result "0-1"]
[BlackTitle "FM"]
[WhiteElo "2127"]
[BlackElo "2305"]
[WhiteFideId "1026402"]
[BlackFideId "1024523"]
[EventDate "2014.07.22"]

1. d4 f5 2. g3 Nf6 3. Bg2 g6 4. c4 Bg7 5. Nc3 O-O 6. Nf3 d6 7. Qc2 c6 8. O-O Qe8
9. e4 e5 10. dxe5 dxe5 11. b3 f4 12. Ba3 Rf7 13. Bd6 Nh5 14. Rad1 Bg4 15. Rd3
Na6 16. Ng5 Rd7 17. h3 Be6 18. g4 Nf6 19. Rfd1 h5 20. f3 c5 21. Qf2 Rad8 22. Bf1
Nb4 23. R3d2 b6 24. a3 Nc6 25. b4 Bh6 26. Nxe6 Qxe6 27. bxc5 Nd4 28. Nd5 hxg4
29. hxg4 Nxg4 30. fxg4 f3 31. Qh4 g5 32. Qg3 bxc5 33. Bxe5 Bg7 34. Bxg7 Kxg7 35.
Bd3 Rh8 36. Rh2 Rxh2 37. Kxh2 Rb7 38. Rh1 Rb2+ 39. Kg1 Rg2+ 40. Qxg2 fxg2 41.
Rh3 0-1

[Event "Dutch Open 2014"]
[Site "Dieren NED"]
[Date "2014.07.24"]
[Round "3.22"]
[White "Den Hartog, Marijn"]
[Black "Afek, Yochanan"]
[Result "1/2-1/2"]
[BlackTitle "IM"]
[WhiteElo "2006"]
[BlackElo "2298"]
[WhiteFideId "1046098"]
[BlackFideId "2800462"]
[EventDate "2014.07.22"]

1. e4 c5 2. Nf3 d6 3. d4 cxd4 4. Nxd4 Nf6 5. f3 e5 6. Nb3 d5 7. Bg5 Be6 8. Bb5+
Nc6 9. exd5 Qxd5 10. Qxd5 Nxd5 11. O-O Nb4 12. Na3 a6 13. Be2 f6 14. Be3 Bf5 15.
c3 Nd3 16. Nc4 b5 17. Nb6 Rb8 18. Bxd3 Bxd3 19. Rfd1 Bf5 20. Rd2 Be7 21. Nd5 Bd8
22. Nc5 a5 23. a4 bxa4 24. Rxa4 O-O 25. b4 axb4 26. cxb4 Ne7 27. Na6 Nxd5 28.
Rxd5 Bb6 29. Kf2 Bxe3+ 30. Kxe3 Rbc8 31. Rc5 Rcd8 32. Rc3 Rd1 33. b5 Re1+ 34.
Kf2 Rb1 35. Nc7 Rb2+ 36. Kf1 Rd8 37. Ke1 Rdd2 38. Ra8+ Kf7 39. Ne8 Rxg2 40. Rc7+
Bd7 41. Rxd7+ Ke6 42. Rd6+ Ke7 43. Kf1 Rxh2 44. Kg1 Rhg2+ 45. Kh1 1/2-1/2

[Event "Dutch Open 2014"]
[Site "Dieren NED"]
[Date "2014.07.24"]
[Round "3.23"]
[White "Halfhide, Sebastian"]
[Black "Markus, John Raymond"]
[Result "1-0"]
[WhiteElo "1979"]
[BlackElo "2143"]
[WhiteFideId "1045946"]
[BlackFideId "1001213"]
[EventDate "2014.07.22"]

1. e4 g6 2. Nf3 Bg7 3. d4 d6 4. Nc3 a6 5. Be2 b5 6. a3 e6 7. O-O Nd7 8. Bg5 Ne7
9. Qd2 h6 10. Be3 g5 11. Ne1 Ng6 12. Rd1 Bb7 13. Nd3 e5 14. d5 O-O 15. Bg4 Nf6
16. h3 Bc8 17. f3 Nf4 18. Nf2 Nh7 19. Bf5 Ng6 20. Nh1 Nh4 21. Qd3 Kh8 22. Ne2
Nf6 23. Neg3 Re8 24. Nf2 Nxf5 25. Nxf5 Bxf5 26. exf5 Qd7 27. g4 Qe7 28. Ne4 Nxe4
29. fxe4 Bf6 30. Rf2 Rg8 31. c4 Rab8 32. Rc1 Rb7 33. Rfc2 bxc4 34. Qxc4 Rgb8 35.
b4 a5 36. bxa5 Rb3 37. Rc3 Rxc3 38. Rxc3 Qd7 39. Rb3 Rxb3 40. Qxb3 c5 41. dxc6
Qxc6 42. Qxf7 d5 43. exd5 Qd6 44. Qe6 1-0

[Event "Dutch Open 2014"]
[Site "Dieren NED"]
[Date "2014.07.24"]
[Round "3.24"]
[White "Dijkhuis, Sven"]
[Black "Vos, Tjark"]
[Result "1/2-1/2"]
[WhiteElo "1988"]
[BlackElo "2130"]
[WhiteFideId "1036556"]
[BlackFideId "1020870"]
[EventDate "2014.07.22"]

1. e4 c5 2. Nf3 e6 3. d4 cxd4 4. Nxd4 a6 5. Nc3 Qc7 6. Be3 Nf6 7. Qd2 Bb4 8. Bd3
d5 9. exd5 Nxd5 10. Nde2 Nxe3 11. Qxe3 Nc6 12. O-O-O Ne5 13. Qe4 Nxd3+ 14. Rxd3
Be7 15. Rhd1 O-O 16. Rg3 Bf6 17. Rgd3 Rb8 18. Ng3 Qa5 19. Kb1 b6 20. Qg4 Bb7 21.
Nh5 Qg5 22. Qxg5 Bxg5 23. Rg3 f6 24. h4 Bh6 25. Rd6 Bc8 26. Ne4 Kf7 27. Rgd3 e5
28. Rc6 Bb7 29. Nd6+ Kg6 30. Nxb7 Rxb7 31. Ng3 a5 32. Rdd6 b5 33. Rd3 Rfb8 34.
Ne4 Kh5 35. g3 Re7 36. Nd6 Kg4 37. f3+ Kh3 38. Nf5 e4 39. Nxe7 exd3 40. cxd3 Re8
41. Re6 g6 42. d4 Bf8 43. Nxg6 Rxe6 44. Nf4+ Kxg3 45. Nxe6 Bd6 46. Nc5 Kxf3 47.
Nb7 Bc7 48. d5 f5 49. d6 Bb6 50. d7 f4 51. d8=Q Bxd8 52. Nxd8 Kg3 53. Ne6 f3 54.
Ng5 Kg4 55. Ne4 Kxh4 56. Kc2 Kh3 57. Kd2 Kg2 58. Ke3 h5 59. Nf2 h4 60. Ne4 b4
61. b3 h3 62. Nf2 h2 63. Nh1 Kxh1 64. Kf2 1/2-1/2

[Event "Dutch Open 2014"]
[Site "Dieren NED"]
[Date "2014.07.24"]
[Round "3.25"]
[White "Mostertman, Milan"]
[Black "Boersma, Jan"]
[Result "1-0"]
[WhiteTitle "FM"]
[WhiteElo "2284"]
[BlackElo "2101"]
[WhiteFideId "1025848"]
[BlackFideId "1003267"]
[EventDate "2014.07.22"]

1. e4 c5 2. Nf3 g6 3. d4 cxd4 4. Nxd4 Nc6 5. g3 Bg7 6. Ne2 Nf6 7. Bg2 d6 8. O-O
Bd7 9. Nbc3 Qc8 10. Nf4 Bg4 11. f3 Bd7 12. Nfd5 Nxd5 13. Nxd5 O-O 14. Bg5 f6 15.
Be3 Rf7 16. c4 f5 17. exf5 Bxf5 18. Qd2 Ne5 19. Rac1 Nd3 20. g4 Nxc1 21. gxf5
Nxa2 22. fxg6 hxg6 23. b3 e6 24. Bh3 Qe8 25. Nf4 Rxf4 26. Bxf4 Nc3 27. Re1 Qc6
28. Bxe6+ Kh7 29. Qg2 Qc5+ 30. Kh1 Rf8 31. Bg5 1-0

[Event "Dutch Open 2014"]
[Site "Dieren NED"]
[Date "2014.07.24"]
[Round "3.26"]
[White "Op Den Dries, Johan"]
[Black "Heemskerk, Wim"]
[Result "1-0"]
[BlackTitle "FM"]
[WhiteElo "2098"]
[BlackElo "2247"]
[WhiteFideId "1021257"]
[BlackFideId "1001000"]
[EventDate "2014.07.22"]

1. d4 e6 2. Nc3 Nf6 3. Bg5 Be7 4. Bxf6 Bxf6 5. e4 d6 6. f4 Nd7 7. e5 Be7 8. Qg4
g6 9. Nf3 d5 10. h4 h5 11. Qg3 Nf8 12. O-O-O c6 13. Ng5 Qa5 14. Kb1 b5 15. Qf3
Qb6 16. Ne2 b4 17. g4 hxg4 18. Qxg4 a5 19. Ng3 a4 20. b3 c5 21. h5 gxh5 22. Nxh5
Rg8 23. dxc5 Qxc5 24. Nxe6 Bxe6 25. Qxg8 axb3 26. Ng7+ Kd7 27. cxb3 Rc8 28. Rh2
Bg4 29. Rhd2 Bxd1 30. Bh3+ Kd8 31. Bxc8 Bf3 32. Bf5 Qe3 33. Qxf7 Bc5 34. Qe8+
Kc7 35. Qc8+ Kb6 36. Qb8+ Ka5 37. Qa8+ Kb6 38. Qb8+ Ka5 39. Bd3 Bb6 40. Qxf8
Qg1+ 41. Kc2 Qd4 42. Qc8 1-0

[Event "Dutch Open 2014"]
[Site "Dieren NED"]
[Date "2014.07.24"]
[Round "3.27"]
[White "Stolwijk, Colin"]
[Black "Van Foreest, Lucas"]
[Result "1-0"]
[WhiteElo "2075"]
[BlackElo "2192"]
[WhiteFideId "1033743"]
[BlackFideId "1039792"]
[EventDate "2014.07.22"]

1. d4 Nf6 2. Nf3 g6 3. Bf4 Bg7 4. e3 d6 5. h3 Nbd7 6. Nbd2 c5 7. c3 O-O 8. Be2
b6 9. O-O Bb7 10. a4 a6 11. Qb3 e5 12. Bh2 Ne4 13. Rad1 Qc7 14. Nc4 Bc6 15. dxe5
dxe5 16. Rxd7 Bxd7 17. Qxb6 Qc8 18. Nfxe5 Be6 19. Nc6 Re8 20. Nd6 Nxd6 21. Bxd6
Bf6 22. Bf3 Bc4 23. Rd1 Qe6 24. Na5 Rad8 25. Qxc5 Bb3 26. Bg4 Qxg4 27. hxg4 Bxd1
28. g5 Bg7 29. Nc6 Rd7 30. Ne5 Rdd8 31. Qc7 Bb3 32. Nc6 Ra8 33. Qb7 Bc2 34. f3
Bf8 35. Bb8 Bc5 36. Qxa8 Bxe3+ 37. Kh2 Bf4+ 38. Kh3 Bf5+ 39. g4 Bd3 40. Ne7+ Kf8
41. Qd5 Bf1+ 42. Kh4 Bxb8 43. Nc6 Bc7 44. Qd4 Kg8 45. Qd7 Bb6 46. Qxe8+ Kg7 47.
Qe5+ 1-0

[Event "Dutch Open 2014"]
[Site "Dieren NED"]
[Date "2014.07.24"]
[Round "3.28"]
[White "Gouw, Carol-Peter"]
[Black "Kathstede, Gerd"]
[Result "1/2-1/2"]
[WhiteElo "2110"]
[BlackElo "2082"]
[WhiteFideId "1007629"]
[BlackFideId "4662199"]
[EventDate "2014.07.22"]

1. c4 c5 2. Nf3 g6 3. d4 cxd4 4. Nxd4 Nc6 5. Nc3 Nf6 6. g3 Bg7 7. Bg2 O-O 8. O-O
Nxd4 9. Qxd4 d6 10. Qd3 a5 11. Rd1 Nd7 12. b3 Nc5 13. Qd2 Be6 14. Ba3 Rb8 15.
Rac1 b6 16. Nb5 Bc8 17. Bb2 Bxb2 18. Qxb2 Bb7 19. h4 Bxg2 20. Kxg2 h5 21. Nc3
Qd7 22. Nd5 b5 23. Qd2 Kg7 24. Qxa5 bxc4 25. Rxc4 Rb5 26. Qc3+ f6 27. f3 Ra8 28.
Nxf6 exf6 29. Rxc5 Rxc5 30. Qxc5 Rxa2 31. Qc4 Qe7 32. Kf2 Qa7+ 33. Qd4 Qa6 34.
Rd3 Ra3 35. Qe3 Qb7 36. Rxd6 Qa7 37. Qxa7+ Rxa7 38. b4 Kf7 39. Ke3 Ra2 40. Kd3
Rb2 41. Rb6 Rb1 42. b5 g5 43. Ke4 Kg6 44. hxg5 Kxg5 45. Rb8 f5+ 46. Ke3 Rb3+ 47.
Kf2 h4 48. Rg8+ Kf6 49. gxh4 Rxb5 50. f4 Rb4 51. Kf3 Rb3+ 52. e3 Rb1 53. Kg2 Re1
54. Rg3 Re2+ 55. Kh3 Re1 56. Kh2 Re2+ 57. Kg1 Re1+ 58. Kg2 Re2+ 59. Kf3 Rh2 60.
e4 fxe4+ 61. Kxe4 Rxh4 62. Ra3 Rh1 63. Ra6+ Kf7 64. Ke5 Re1+ 65. Kf5 Rf1 66.
Ra7+ Kf8 67. Ke5 Re1+ 68. Kf6 Re8 69. f5 Rb8 70. Kg6 Rb1 71. Ra8+ Ke7 72. f6+
Ke6 73. Re8+ Kd7 74. Re5 Rg1+ 75. Rg5 Rf1 76. Kf7 Kd6 77. Rg4 Ke5 78. Ke7 Rxf6 1/2-1/2

[Event "Dutch Open 2014"]
[Site "Dieren NED"]
[Date "2014.07.24"]
[Round "3.29"]
[White "Bus, Tom"]
[Black "Van Liempt, Michael"]
[Result "1/2-1/2"]
[WhiteElo "2108"]
[BlackElo "2016"]
[WhiteFideId "1014374"]
[BlackFideId "1012665"]
[EventDate "2014.07.22"]

1. e4 c5 2. Nf3 Nc6 3. d4 cxd4 4. Nxd4 g6 5. Nc3 Bg7 6. Be3 Nf6 7. Bc4 O-O 8.
Bb3 a5 9. O-O a4 10. Nxa4 Nxe4 11. Nb5 Ra6 12. Qe2 d6 13. Rad1 Bd7 14. Rfe1 Nf6
15. h3 Na5 16. c4 Nxb3 17. axb3 Re8 18. Nac3 Bc6 19. Nd4 Qc8 20. Nc2 Bd7 21. Nb4
Ra5 22. Nbd5 Nxd5 23. Nxd5 Be6 24. Nb6 Qc6 25. b4 1/2-1/2

[Event "Dutch Open 2014"]
[Site "Dieren NED"]
[Date "2014.07.25"]
[Round "4.1"]
[White "Van Foreest, Jorden"]
[Black "L'Ami, Erwin"]
[Result "1/2-1/2"]
[WhiteTitle "FM"]
[BlackTitle "GM"]
[WhiteElo "2461"]
[BlackElo "2650"]
[WhiteFideId "1039784"]
[BlackFideId "1007998"]
[EventDate "2014.07.22"]

1. Nf3 Nf6 2. g3 b6 3. Bg2 Bb7 4. O-O g6 5. c4 Bg7 6. Nc3 O-O 7. d4 Ne4 8. Nxe4
Bxe4 9. Re1 d5 10. Qa4 Qd7 11. Qxd7 Nxd7 12. cxd5 Bxd5 13. Bf4 c5 14. Ne5 Nxe5
15. dxe5 Bxg2 16. Kxg2 Rfd8 17. Red1 Kf8 18. h4 Ke8 19. Kf3 Rxd1 20. Rxd1 Rd8
21. Rd3 Rd7 22. Ke4 e6 23. b3 Bf8 24. g4 b5 25. Bd2 h5 26. gxh5 gxh5 27. Bg5 Be7
28. Bxe7 Kxe7 29. a3 Rc7 30. Rc3 Rc8 31. Kf4 a5 32. a4 bxa4 33. bxa4 f6 34.
exf6+ Kxf6 35. Ke4 Rc7 36. Rf3+ Ke7 37. Ke5 Rc6 38. e4 Rc8 39. Rg3 Rc6 40. f4
Kf7 41. Rb3 Ke7 42. Rb7+ Ke8 43. Rb3 Ke7 44. Rb7+ Ke8 45. f5 exf5 46. Kd5 Rc8
47. Rh7 f4 48. Rh8+ Kd7 49. Rh7+ Ke8 50. Rh8+ Kd7 51. Rh7+ 1/2-1/2

[Event "Dutch Open 2014"]
[Site "Dieren NED"]
[Date "2014.07.25"]
[Round "4.2"]
[White "Ikonnikov, Vyacheslav"]
[Black "Sengupta, Deep"]
[Result "1/2-1/2"]
[WhiteTitle "GM"]
[BlackTitle "GM"]
[WhiteElo "2556"]
[BlackElo "2533"]
[WhiteFideId "4100972"]
[BlackFideId "5008352"]
[EventDate "2014.07.22"]

1. d4 d5 2. Nf3 Nf6 3. c4 e6 4. Nc3 dxc4 5. e4 Bb4 6. Bg5 c5 7. e5 cxd4 8. Nxd4
Qa5 9. exf6 Bxc3+ 10. bxc3 Qxg5 11. fxg7 Qxg7 12. Qd2 a6 13. Bxc4 Bd7 14. O-O
Nc6 15. Rab1 Nxd4 16. cxd4 Rd8 17. d5 b5 18. Bb3 O-O 19. Rbc1 exd5 20. Rc3 Kh8
21. Rg3 Qf6 22. Qxd5 Bf5 23. Qc5 Bg6 24. f4 Rc8 25. Qf2 Bf5 26. Re3 Rfe8 27. Re5
Bd3 28. Rd1 Rxe5 29. fxe5 Qxf2+ 30. Kxf2 Bc4 31. Rd7 Rc5 32. Bxc4 bxc4 33. Rxf7
Rxe5 34. Rc7 Ra5 35. Rxc4 Rxa2+ 36. Kf3 Ra3+ 37. Kf4 Ra2 38. Kf3 Ra3+ 39. Kf4
Ra2 40. Kf3 1/2-1/2

[Event "Dutch Open 2014"]
[Site "Dieren NED"]
[Date "2014.07.25"]
[Round "4.3"]
[White "Goudriaan, Etienne"]
[Black "Pruijssers, Roeland"]
[Result "0-1"]
[WhiteTitle "IM"]
[BlackTitle "GM"]
[WhiteElo "2401"]
[BlackElo "2517"]
[WhiteFideId "1021150"]
[BlackFideId "1013068"]
[EventDate "2014.07.22"]

1. d4 Nf6 2. c4 d6 3. Nf3 g6 4. g3 Bg7 5. Bg2 O-O 6. O-O Nbd7 7. Nc3 e5 8. e4 a6
9. h3 b5 10. dxe5 dxe5 11. Be3 b4 12. Na4 Qe7 13. c5 Bb7 14. Qc1 Bc6 15. b3 Nxe4
16. Ng5 Nc3 17. Nxc3 Bxg2 18. Kxg2 bxc3 19. Qxc3 e4 20. Bd4 Bxd4 21. Qxd4 Qxg5
22. Qxd7 Qxc5 23. Rfc1 Qh5 24. g4 Qg5 25. Re1 Qf4 26. Rac1 Qf3+ 27. Kg1 Qxh3 28.
Rxe4 c5 29. Qd5 Rad8 30. Qxc5 Rd3 31. Rce1 Qf3 32. Re8 Qxg4+ 33. Kf1 Qh3+ 34.
Kg1 Qg4+ 35. Kf1 Qh3+ 36. Kg1 Qh6 37. Qc8 Qg5+ 38. Kf1 Rxe8 39. Qxe8+ Kg7 40.
Qe5+ Qf6 41. Re4 g5 42. Qxf6+ Kxf6 43. Ra4 Rd6 44. Ra5 Kg6 45. b4 h5 46. a4 h4
47. b5 axb5 48. axb5 Rd1+ 49. Kg2 Rb1 50. Ra6+ Kf5 51. Rb6 g4 52. Rb7 f6 53. b6
Kf4 54. Rb8 h3+ 55. Kh2 Rf1 56. Rf8 Rxf2+ 57. Kg1 Kg3 58. b7 h2+ 59. Kh1 Rf1# 0-1

[Event "Dutch Open 2014"]
[Site "Dieren NED"]
[Date "2014.07.25"]
[Round "4.4"]
[White "Hausrath, Daniel"]
[Black "Ernst, Sipke"]
[Result "1/2-1/2"]
[WhiteTitle "GM"]
[BlackTitle "GM"]
[WhiteElo "2526"]
[BlackElo "2554"]
[WhiteFideId "4617495"]
[BlackFideId "1004689"]
[EventDate "2014.07.22"]

1. Nf3 d5 2. g3 Nf6 3. Bg2 e6 4. O-O c5 5. b3 Nc6 6. Bb2 Bd6 7. d4 O-O 8. c4
dxc4 9. bxc4 Qb6 10. Qb3 cxd4 11. Qxb6 axb6 12. Nxd4 Be5 13. e3 Rd8 14. Rd1 Ne8
15. Na3 Na5 16. Bc3 Bd7 17. Rab1 Bd6 18. Nab5 Be7 19. Bxa5 Rxa5 20. Bxb7 Rxa2
21. Nc3 Ra3 22. Ncb5 Bxb5 23. Nxb5 Rad3 1/2-1/2

[Event "Dutch Open 2014"]
[Site "Dieren NED"]
[Date "2014.07.25"]
[Round "4.5"]
[White "Horvath, Csaba"]
[Black "Saravanan, V."]
[Result "1/2-1/2"]
[WhiteTitle "GM"]
[BlackTitle "IM"]
[WhiteElo "2542"]
[BlackElo "2320"]
[WhiteFideId "700118"]
[BlackFideId "5000580"]
[EventDate "2014.07.22"]

1. d4 Nf6 2. c4 g6 3. Nc3 Bg7 4. e4 d6 5. Bd3 O-O 6. Nge2 Na6 7. O-O e5 8. d5
Nh5 9. a3 c5 10. Rb1 f5 11. exf5 gxf5 12. Ng3 Nf4 13. Bxf4 exf4 14. Nh5 Be5 15.
Qf3 Qg5 16. h3 Nc7 17. Ne2 a5 18. a4 Bd7 19. b3 Kh8 20. Nhxf4 Rf6 21. g3 Rg8 22.
Kh2 Rh6 23. Rh1 Ne8 24. Kg1 Ng7 25. Kf1 Be8 26. Ke1 Rf8 27. Kd1 Qd8 28. Qe3 Rhf6
29. Kc2 Qb6 30. Qd2 R6f7 31. Nc3 Qb4 32. Rhe1 Bd7 33. Bf1 Qb6 34. Nd3 Bf6 35. h4
f4 36. Nxf4 Bxh4 37. Ne4 Nf5 38. Ne2 Bf6 39. Nxf6 Rxf6 40. Kc1 Nd4 41. Nxd4 Rxf2
42. Ne2 Rxf1 43. Nf4 Rxe1+ 44. Qxe1 1/2-1/2